00277nam a2200109Ia 4500008004100000041000800041100001300049245004100062260003700103365000800140999001900148231011s9999 xx 000 0 und d aeng aP .Gibbs aDoing Business In The European Union bGlobal Business Press Delhi-95 - b550 c885693d885693